00538cam a22002291 4500001001300000003000400013005001700017008004100034010001700075035002000092040001800112042001200130050001600142100003400158245002100192260001100213300002400224500001400248500001100262650001800273999001700291sa 64009088 DLC20260227112059.0890929s1963 ii 000 0 orio  asa 64009088  a(OCoLC)20422697 aDLCcWaUdDLC apremarc00aPK2576b.N31 aNanda, Satyanārāẏaṇa.10aBhagnāṃśa. c[1963] a4, 3, 63 p.c18 cm. aIn Oriya. aPoems. 0aOriya poetry. c61252d61252